LEADER 01737nam 2200457Ia 450 001 996385976503316 005 20200818215800.0 035 $a(CKB)4940000000078765 035 $a(EEBO)2264181198 035 $a(OCoLC)ocm12739754e 035 $a(OCoLC)12739754 035 $a(EXLCZ)994940000000078765 100 $a19851030d1682 uy | 101 0 $aeng 135 $aurbn||||a|bb| 200 10$aNews from France$b[electronic resource] $ein a letter giving a relation of the present state of the difference between the French king and the court of Rome : to which is added the Popes brief to the assembly of the clergy, and the protestation made by them in Latin : together with an English translation of them 210 $aLondon $cPrinted for Richard Chiswel ...$d1682 215 $a[2], 38 p 300 $aProbably a revision of a letter from James Fall. Cf. Clarke, T.E.S. A life of Gilbert Burnet, 1907, p. 529. 300 $aWritten by Gilbert Burnet. Cf. BM. 300 $aErrata: p. 38. 300 $aAdvertisements: p. 38. 300 $aReproduction of original in Union Theological Seminary Library, New York. 330 $aeebo-0160 606 $aChurch and state$zFrance 606 $aRegalia$zFrance 615 0$aChurch and state 615 0$aRegalia 700 $aBurnet$b Gilbert$f1643-1715.$0193326 701 2$aInnocent$cPope,$f1611-1689.$0973612 701 $aFall$b James$f1646 or 7-1711.$01002584 712 02$aCatholic Church.$bAssemble?e ge?ne?rale du clerge? de France. 801 0$bEAA 801 1$bEAA 801 2$bm/c 801 2$bUMI 801 2$bWaOLN 906 $aBOOK 912 $a996385976503316 996 $aNews from France$92301120 997 $aUNISA LEADER 01444nam0 22003011i 450 001 UON00470638 005 20231205105202.812 010 $a978-88-972213-5-7 100 $a20161021d2015 |0itac50 ba 101 $aita 102 $aIT 105 $a|||| ||||| 200 1 $aˆLa ‰grande guerra e la rivoluzione proletaria$ei sindacalisti rivoluzionari dal neutralismo all'interventismo$fStefano Fabei 210 $aVicenza$cIn edibus$d2015 215 $a184 p.$d24 cm. 606 $aInterventismo$xItalia$x1915$3UONC090613$2FI 606 $aSindacalismo rivoluzionario$xItalia$x1914-1915$3UONC090612$2FI 620 $aIT$dVicenza$3UONL001247 676 $a940.345$cPrima guerra mondiale, 1914-1918. Partecipazione dell'Italia.$v22 700 1$aFABEI$bStefano$3UONV093188$0690346 712 $aIn edibus$3UONV282406$4650 801 $aIT$bSOL$c20260417$gRICA 899 $aSIBA - SISTEMA BIBLIOTECARIO DI ATENEO E ARCHIVIO STORICO$2UONSI 912 $aUON00470638 950 $aSIBA - SISTEMA BIBLIOTECARIO DI ATENEO E ARCHIVIO STORICO$dSI EUR D A 3298 $eSI 20331 5 3298 $sBuono 951 $aSIBA - SISTEMA BIBLIOTECARIO DI ATENEO E ARCHIVIO STORICO$bSI20161579 1J 20161021 996 $aGrande guerra e la rivoluzione proletaria$91739193 997 $aUNIOR